000 01072cam a2200301 i 4500
003 DO-SdBNP
005 20231206083121.0
007 ta
008 751003s2016 gt 000 0 spa d
040 _aDO-SdBNP
_bspa
_cBNPHU
_erda
082 4 _aRD861.44
_bO66
_222
100 _aOreamuno, Yolanda
_d1916-1956
_966263
245 1 0 _aProsas escogidas /
_cYolanda Oreamuno : selección Francisco Morales Santos
264 1 _aGuatemala :
_bCultura,
_c2016.
300 _a79 páginas
_c21 cm.
336 _2rdacontent
_atexto
_btxt
337 _2rdamedia
_asin mediación
_bn
338 _2rdacarrier
_avolumen
_bnc
490 1 _aCrónica
_aEnrique Gómez Carrillo
_v9
500 _aIncluye datos biográficos de la autora en las solapas.
500 _aEdición conmemorativa I centenario de su nacimiento.
590 _aInventariado, 2023/ YL
650 4 _aLiteratura costarricense
_95393
650 4 _aPoesía costarricense
_95301
700 1 _aMorales Santos, Francisco
_eselección
_984436
910 _aYlockward/Validado. Control de calidad MFF
942 _2ddc
_cLBS1
999 _c55168
_d55168